Vzťah žiakov k škole

Bibliographic Details
Main Authors: Slovíková, Mária (Author), Bieliková, Marcela (Author), Herich, Ján (Author)
Format: Article
Language:Slovak
PhysicalDescription:Tab.
ISSN:1336-3689
Subjects:

MARC

LEADER 00000nab a2200000 ar4500
001 vtls010074416
003 SK-MaSNL
005 20260303050425.0
008 100311c2009 xo |r|p|||an |000 b|slo
015 |a SNBRB2010/03 
038 |a SPK 
040 |a SPKCL  |b slo  |c 2001  |e AACR2 
041 0 |a slo  |b slo 
044 |a xo  |c SK 
072 7 |a 37  |x Výchova a vzdelávanie  |2 konspekt 
080 |a 37.062  |2 UDC-MRF-SK2 
100 1 |a Slovíková, Mária  |4 aut  |9 11916 
245 1 0 |a Vzťah žiakov k škole  |c Mária Slovíková, Marcela Bieliková, Ján Herich 
300 |b Tab. 
504 |a Bibliogr. odkazy 
546 |a Res. slov. 
650 0 7 |a vzťah žiakov k škole  |2 snkbucl  |9 1038553 
700 1 |a Bieliková, Marcela  |4 aut  |9 11719 
700 1 |a Herich, Ján  |4 aut  |9 120243 
773 0 |t Prevencia : informačný bulletin zameraný na prevenciu sociálno-patologických javov v rezorte školstva  |g Roč. VIII, č. 4 (2009), s. 42-46  |x 1336-3689 
852 |a SPK  |b KIS3GCP 
958 |a NB  |2 spk 
999 |c 1707416  |d 1709346